Reproduction in the Mexican leaf frog (Pachymedusa dacnicolor). 1., Behavioral and morphological aspects /

Hlavní autor: Bagnara, Joseph T. 1929-
Jazyk: Angličtina
Vydáno: Lawrence : University of Kansas, 1986
Edice: Occasional papers of the Museum of Natural History
Témata:
Fyzický popis: 31 stran
Knihy
Uloženo v:
LEADER 01382nam a22003852i 4500
001 001537700
003 CZ BrMZK
005 20170419145801.0
007 ta
008 160729s1986 xxu fr|||||||||||eng d
040 |a BOA001  |b cze  |e rda 
043 |a n-mx--- 
072 7 |a 59  |x Zoologie  |2 Konspekt  |9 2 
080 |a 597.8  |2 MRF 
080 |a 591.16  |2 MRF 
080 |a (725.1)  |2 MRF 
080 |a (048.8)  |2 MRF 
100 1 |a Bagnara, Joseph T.  |q (Joseph Thomas),  |d 1929-  |7 ola2003191615  |4 aut 
245 1 0 |a Reproduction in the Mexican leaf frog (Pachymedusa dacnicolor).  |n 1.,  |p Behavioral and morphological aspects /  |c by J.T. Bagnara 
246 3 0 |a Behavioral and morphological aspects 
264 1 |a Lawrence :  |b University of Kansas,  |c 1986 
300 |a 31 stran 
336 |a text  |b txt  |2 rdacontent 
337 |a bez média  |b n  |2 rdamedia 
338 |a svazek  |b nc  |2 rdacarrier 
490 1 |a Occasional Papers of the Museum of Natural History ;  |v number 121/1986 
504 |a Obsahuje bibliografii 
650 0 7 |a žáby  |7 ph128054  |z Mexiko  |2 czenas 
650 0 7 |a rozmnožování (biologie)  |7 ph172851  |2 czenas 
655 7 |a studie  |7 fd133597  |2 czenas 
830 0 |a Occasional papers of the Museum of Natural History 
910 |a BOA001  |b X-0915.698,1 
990 |a BK 
991 |b 201605 
996 7 |b 2619172819  |c X-0915.698,1  |l MZK  |r Sklad / do 24 hodin  |n 0  |w 001572606  |u 000010  |a 1  |e BOA001  |j MZK50  |s A